Tradiciones peruanas /

Guardado en:
Autor Principal: Palma, Ricardo
Formato: Libro
Publicado: Buenos Aires : Espasa-calpe, 1946
Edición:4a. ed.
Materias:
Etiquetas: Agregar Etiqueta
Sin Etiquetas, Sea el primero en etiquetar este registro!
LEADER 00499nam a22001815a 4500
001 CEM.cems004868
005 20100922091611.0
008 130507s1946##################000#0#####d
003 CEMS
082 0 4 |a Pe863.2 
100 1 |a Palma, Ricardo 
245 1 0 |a Tradiciones peruanas /  |c Ricardo Palma 
250 |a 4a. ed. 
260 |a Buenos Aires :  |b Espasa-calpe,  |c 1946 
300 |a 153 p. 
653 |a Literatura 
653 |a Literatura peruana 
859 |a CEMS  |b BIB. CEMS - 11 de abril  |h Pe863.2  |i P18a4  |p 8539.80  |t Ej.1